[Event "Klatovy op-B"]
[Site "Klatovy"]
[Date "2013.06.30"]
[Round "2"]
[White "Spererova, Katerina"]
[Black "Kovar, Petr"]
[Result "0-1"]
[WhiteElo "1620"]
[BlackElo "1965"]
[PlyCount "62"]
[EventDate "2013.06.29"]
[EventType "swiss"]
[EventRounds "9"]
[EventCountry "CZE"]
[SourceTitle "EXT 2014"]
[Source "ChessBase"]
[SourceDate "2013.11.20"]
[SourceVersion "1"]
[SourceVersionDate "2013.11.20"]
[SourceQuality "1"]

1. e4 c5 2. Nf3 e6 3. d4 cxd4 4. Nxd4 a6 5. Nc3 b5 6. Bd3 Nc6 7. Be3 Qc7 8. 0-0 Nf6 9. a3 Bb7 10. b4 Nxd4 11. Bxd4 e5 12. Bc5 d6 13. Bxb5+ axb5 14. Nxb5 Qc6 15. Nxd6+ Bxd6 16. Qxd6 Qxd6 17. Bxd6 Nd7 18. f3 Ba6 19. Rfc1 Bc4 20. a4 f6 21. Rab1 Kf7 22. b5 Ke6 23. Bc7 Ra7 24. b6 Rb7 25. a5 Ra8 26. Kf2 Ke7 27. Rb4 Ba6 28. Rd1 Rc8 29. Rbb1 Nc5 30. c3 Ke8 31. Rbc1 Nd3+ 0-1

[Event "Karlovy Vary op"]
[Site "Karlovy Vary"]
[Date "2011.04.29"]
[Round "2"]
[White "Spicka, Jan"]
[Black "Spererova, Katerina"]
[Result "0-1"]
[WhiteElo "1250"]
[BlackElo "1694"]
[PlyCount "114"]
[EventDate "2011.04.28"]
[EventType "swiss"]
[EventRounds "8"]
[EventCountry "CZE"]
[SourceTitle "CBM 142 Extra"]
[Source "ChessBase"]
[SourceDate "2011.06.27"]
[SourceVersion "1"]
[SourceVersionDate "2011.06.27"]
[SourceQuality "1"]

1. e4 e5 2. Nf3 Nc6 3. Nc3 Bb4 4. d4 exd4 5. Nxd4 Nf6 6. Nxc6 bxc6 7. Bg5 h6 8. Bd2 0-0 9. Bd3 Re8 10. 0-0 d5 11. exd5 cxd5 12. Nb5 Bc5 13. Bf4 Bb6 14. Re1 Bg4 15. Qd2 Qd7 16. Qc3 d4 17. Qd2 a6 18. Na3 Nh5 19. Nc4 Qd5 20. f3 Bf5 21. Nxb6 cxb6 22. c4 dxc3 23. Qxc3 Nxf4 24. Bxf5 Qxf5 25. Qd4 Nd3 26. Re4 Rxe4 27. fxe4 Qc5 28. Qxc5 Nxc5 29. Re1 Re8 30. e5 Nd3 31. Re2 Rxe5 32. Rxe5 Nxe5 33. Kf2 Nd3+ 34. Ke3 Nxb2 35. Kd2 f5 36. Kc2 Nc4 37. Kc3 b5 38. a4 g5 39. axb5 axb5 40. Kb4 Nd6 41. Kc5 f4 42. Kxd6 b4 43. Kc5 b3 44. Kc4 b2 45. Kc5 b1Q 46. Kd5 Qf5+ 47. Kd6 Qe4 48. h4 Kf7 49. g4 gxh4 50. g5 hxg5 51. Kd7 h3 52. Kd6 h2 53. Kd7 h1R 54. Kd6 Rd1+ 55. Kc7 Qc4+ 56. Kb6 Rb1+ 57. Ka5 Qb5# 0-1

[Event "CZE-chT U20 final-A 0910"]
[Site "Pavla Vlachovice"]
[Date "2010.04.24"]
[Round "9.5"]
[White "Spererova, Katerina"]
[Black "Musil, Jiri"]
[Result "0-1"]
[WhiteElo "1664"]
[BlackElo "1932"]
[PlyCount "56"]
[EventDate "2010.04.23"]
[EventType "team-tourn"]
[EventRounds "11"]
[EventCountry "CZE"]
[SourceTitle "EXT 2011"]
[Source "ChessBase"]
[SourceDate "2010.11.26"]
[SourceVersion "1"]
[SourceVersionDate "2010.11.26"]
[SourceQuality "1"]
[WhiteTeam "Klatovy (U20)"]
[BlackTeam "Brno (U20)"]
[WhiteTeamCountry "CZE"]
[BlackTeamCountry "CZE"]

1. e4 c5 2. f4 Nc6 3. Nc3 d6 4. Nf3 g6 5. Bb5 Bd7 6. 0-0 Bg7 7. d3 e6 8. Bd2 Nge7 9. Qe1 a6 10. Bxc6 Nxc6 11. Rb1 0-0 12. Ne2 d5 13. Ng5 f5 14. e5 d4 15. c3 dxc3 16. bxc3 Qc7 17. Qf2 h6 18. Nf3 Ne7 19. c4 Rfd8 20. Nc1 b6 21. h4 Kh7 22. d4 b5 23. Nb3 Qc6 24. Na5 Qc8 25. dxc5 Nc6 26. cxb5 axb5 27. Rxb5 Nxe5 28. Rb6 Ng4 0-1

[Event "CZE-chTW U20 0910"]
[Site "Czech Republic"]
[Date "2010.01.23"]
[Round "7.5"]
[White "Slampa, Jan"]
[Black "Spererova, Katerina"]
[Result "1/2-1/2"]
[WhiteElo "1776"]
[BlackElo "1775"]
[PlyCount "161"]
[EventDate "2009.10.03"]
[EventType "team-tourn"]
[EventRounds "7"]
[EventCountry "CZE"]
[SourceTitle "EXT 2011"]
[Source "ChessBase"]
[SourceDate "2010.11.26"]
[SourceVersion "1"]
[SourceVersionDate "2010.11.26"]
[SourceQuality "1"]
[WhiteTeam "Udlice (U20)"]
[BlackTeam "Klatovy (U20)"]
[WhiteTeamCountry "CZE"]
[BlackTeamCountry "CZE"]

1. e4 e5 2. Nf3 Nf6 3. Nxe5 d6 4. Nf3 Nxe4 5. d4 d5 6. Bd3 Bg4 7. 0-0 Be7 8. c4 0-0 9. cxd5 Nf6 10. Re1 Nxd5 11. Nc3 Bf6 12. Be4 c6 13. Be3 Re8 14. Bxd5 cxd5 15. Qb3 Bxf3 16. gxf3 Nc6 17. Qxb7 Nxd4 18. Bxd4 Bxd4 19. Qxd5 Qxd5 20. Nxd5 Bxb2 21. Rab1 Rxe1+ 22. Rxe1 Kf8 23. Kf1 Re8 24. Rb1 Be5 25. Rb7 Bd4 26. a4 Rd8 27. Nb4 Rc8 28. Nd5 g6 29. Nc7 a5 30. Nb5 Rc4 31. Rxf7+ Kg8 32. Rf4 Rc1+ 33. Kg2 Bc5 34. Nd4 Bb4 35. h4 Ra1 36. Nc6 Rxa4 37. Nxa5 Rxa5 38. Rxb4 Kg7 39. Kg3 Kh6 40. Re4 Rb5 41. f4 Rb1 42. f3 Rg1+ 43. Kh2 Rf1 44. Kg2 Rb1 45. Re5 Rb4 46. Kg3 Rb1 47. f5 Kg7 48. Re7+ Kg8 49. fxg6 hxg6 50. Kf4 Rh1 51. Kg5 Rg1+ 52. Kh6 Kf8 53. Rb7 Rf1 54. Kxg6 Rxf3 55. h5 Rg3+ 56. Kh7 Rg2 57. Rb5 Rg7+ 58. Kh6 Rg2 59. Rf5+ Kg8 60. Rf6 Rg3 61. Rd6 Rg2 62. Rd8+ Kf7 63. Kh7 Rg3 64. h6 Rg2 65. Rd7+ Kf8 66. Rd5 Rg3 67. Rf5+ Ke7 68. Rf4 Rg2 69. Rb4 Kf7 70. Rb7+ Kf8 71. Rg7 Rh2 72. Rg5 Kf7 73. Rf5+ Ke6 74. Rf3 Rg2 75. Kh8 Ke7 76. Re3+ Kf7 77. Rb3 Rg8+ 78. Kh7 Rg2 79. Rb7+ Kf8 80. Rg7 Rh2 81. Rg4 1/2-1/2

[Event "CZE-chTW U20 0910"]
[Site "Czech Republic"]
[Date "2009.10.04"]
[Round "3.5"]
[White "Rydl, Jiri"]
[Black "Spererova, Katerina"]
[Result "1-0"]
[WhiteElo "1735"]
[BlackElo "1775"]
[PlyCount "67"]
[EventDate "2009.10.03"]
[EventType "team-tourn"]
[EventRounds "7"]
[EventCountry "CZE"]
[SourceTitle "EXT 2011"]
[Source "ChessBase"]
[SourceDate "2010.11.26"]
[SourceVersion "1"]
[SourceVersionDate "2010.11.26"]
[SourceQuality "1"]
[WhiteTeam "Vlasim (U20)"]
[BlackTeam "Klatovy (U20)"]
[WhiteTeamCountry "CZE"]
[BlackTeamCountry "CZE"]

1. e4 e5 2. Nf3 Nf6 3. Nxe5 d6 4. Nf3 Nxe4 5. d4 d5 6. Bd3 Bg4 7. 0-0 Be7 8. Re1 f5 9. c4 0-0 10. Nc3 Nxc3 11. bxc3 Nc6 12. a4 Qd7 13. Bd2 Rae8 14. a5 b6 15. Qa4 Bxf3 16. gxf3 Kh8 17. cxd5 Qxd5 18. Bb5 Rf6 19. Re3 f4 20. Re4 a6 21. Bxc6 Rxc6 22. Bxf4 b5 23. Qa2 Qh5 24. Qe2 Qf7 25. Re1 Rf8 26. Bd2 Qh5 27. Rxe7 Rg6+ 28. Kh1 Qh3 29. Rg1 Rgf6 30. Rgxg7 Rg8 31. Rxg8+ Kxg8 32. Re8+ Kg7 33. Qe7+ Kg6 34. Rg8+ 1-0

[Event "CZE-chTW U20 0910"]
[Site "Czech Republic"]
[Date "2009.10.03"]
[Round "2.5"]
[White "Johnova, Eliska"]
[Black "Spererova, Katerina"]
[Result "1-0"]
[WhiteElo "1747"]
[BlackElo "1775"]
[PlyCount "71"]
[EventDate "2009.10.03"]
[EventType "team-tourn"]
[EventRounds "7"]
[EventCountry "CZE"]
[SourceTitle "EXT 2011"]
[Source "ChessBase"]
[SourceDate "2010.11.26"]
[SourceVersion "1"]
[SourceVersionDate "2010.11.26"]
[SourceQuality "1"]
[WhiteTeam "Horice (U20)"]
[BlackTeam "Klatovy (U20)"]
[WhiteTeamCountry "CZE"]
[BlackTeamCountry "CZE"]

1. e4 e5 2. Nc3 Nf6 3. f4 d5 4. fxe5 Nxe4 5. d3 Nxc3 6. bxc3 d4 7. Bb2 Nc6 8. Nf3 Bc5 9. cxd4 Nxd4 10. c3 Nxf3+ 11. Qxf3 0-0 12. d4 Be7 13. Bd3 Be6 14. 0-0 c6 15. c4 Qd7 16. Rae1 Rad8 17. Qe4 g6 18. Qe3 Bc5 19. Rf4 Be7 20. Rf3 b5 21. Rc1 b4 22. Be4 a5 23. Qh6 Rb8 24. Rd3 Qd8 25. h4 Bxh4 26. Rc2 Bg5 27. Qh2 Qd7 28. Qg3 Bh6 29. d5 cxd5 30. cxd5 Qa4 31. dxe6 Qxc2 32. exf7+ Rxf7 33. Rd8+ Rxd8 34. Bxc2 Bf4 35. Qb3 Kf8 36. e6 1-0

[Event "CZE-chTW U20 0910"]
[Site "Czech Republic"]
[Date "2009.10.03"]
[Round "1.5"]
[White "Spererova, Katerina"]
[Black "Vaclavicek, Lukas"]
[Result "0-1"]
[WhiteElo "1775"]
[BlackElo "1630"]
[PlyCount "70"]
[EventDate "2009.10.03"]
[EventType "team-tourn"]
[EventRounds "7"]
[EventCountry "CZE"]
[SourceTitle "EXT 2011"]
[Source "ChessBase"]
[SourceDate "2010.11.26"]
[SourceVersion "1"]
[SourceVersionDate "2010.11.26"]
[SourceQuality "1"]
[WhiteTeam "Klatovy (U20)"]
[BlackTeam "Liberec (U20)"]
[WhiteTeamCountry "CZE"]
[BlackTeamCountry "CZE"]

1. e4 c5 2. Nf3 d6 3. d4 cxd4 4. Nxd4 Nf6 5. Nc3 g6 6. f3 Bg7 7. Be3 0-0 8. Qd2 Nc6 9. 0-0-0 Nxd4 10. Bxd4 Qa5 11. g4 Be6 12. a3 Rfc8 13. h4 h5 14. gxh5 Nxh5 15. Bxg7 Kxg7 16. Rg1 Rc5 17. Nd5 Qxd2+ 18. Rxd2 Bxd5 19. Rxd5 Rxd5 20. exd5 Nf4 21. c4 Rc8 22. Rg4 Nxd5 23. Kd2 Nf6 24. Rg5 Rh8 25. Rg2 Rxh4 26. Bd3 Nd7 27. b3 Rh5 28. f4 f5 29. b4 e5 30. Rf2 Rh4 31. fxe5 Nxe5 32. Kc3 Rh3 33. Rd2 Rxd3+ 34. Rxd3 Nxd3 35. Kxd3 Kf6 0-1

[Event "Karlovy Vary op"]
[Site "Karlovy Vary"]
[Date "2009.05.01"]
[Round "4"]
[White "Stuska, Premysl"]
[Black "Spererova, Katerina"]
[Result "1-0"]
[WhiteElo "1636"]
[BlackElo "1777"]
[PlyCount "45"]
[EventDate "2009.04.29"]
[EventType "swiss"]
[EventRounds "7"]
[EventCountry "CZE"]
[SourceTitle "CBM 130 Extra"]
[Source "ChessBase"]
[SourceDate "2009.07.02"]
[SourceVersion "2"]
[SourceVersionDate "2009.07.15"]
[SourceQuality "1"]

1. e4 e5 2. Nf3 Nf6 3. Nc3 d6 4. h3 Nc6 5. d4 exd4 6. Nxd4 Bd7 7. Be3 Be7 8. Be2 0-0 9. Qd2 Re8 10. 0-0-0 Bf8 11. f3 Ne5 12. g4 Be6 13. Bg5 h6 14. Be3 d5 15. f4 Nc4 16. Bxc4 dxc4 17. g5 hxg5 18. f5 Bd7 19. Bxg5 Bb4 20. Qg2 Be7 21. Rhg1 Nh5 22. Bxe7 Qxe7 23. Qg4 1-0

[Event "CZE-ch U16 Girls"]
[Site "Kouty nad Desnou"]
[Date "2009.03.09"]
[Round "4"]
[White "Spererova, Katerina"]
[Black "Rosenbaumova, Anna"]
[Result "0-1"]
[WhiteElo "1694"]
[BlackElo "1447"]
[PlyCount "48"]
[EventDate "2009.03.07"]
[EventType "swiss"]
[EventRounds "9"]
[EventCountry "CZE"]
[SourceTitle "EXT 2011"]
[Source "ChessBase"]
[SourceDate "2010.11.26"]
[SourceVersion "1"]
[SourceVersionDate "2010.11.26"]
[SourceQuality "1"]

1. e4 e6 2. d4 d5 3. Nc3 c5 4. Be3 Qb6 5. Na4 Qa5+ 6. c3 Nf6 7. e5 Nfd7 8. dxc5 b5 9. cxb6 axb6 10. b3 b5 11. Nb2 Qxc3+ 12. Qd2 Bb4 13. Kd1 Qxb3+ 14. Qc2 Qxc2+ 15. Kxc2 Nxe5 16. Bd4 Nbc6 17. Bxb5 0-0 18. Bxe5 Nxe5 19. f4 Bd7 20. Bxd7 Nxd7 21. Nd3 Rfc8+ 22. Kd1 Bc3 23. Rc1 Rxa2 24. Ne2 Rd2+ 0-1

[Event "CZE-ch U16 Girls"]
[Site "Sec u Chrudimi"]
[Date "2008.03.14"]
[Round "8"]
[White "Glaserova, Lucie"]
[Black "Spererova, Katerina"]
[Result "0-1"]
[WhiteElo "1452"]
[BlackElo "1572"]
[PlyCount "64"]
[EventDate "2008.03.08"]
[EventType "swiss"]
[EventRounds "9"]
[EventCountry "CZE"]
[SourceTitle "EXT 2009"]
[Source "ChessBase"]
[SourceDate "2008.11.26"]
[SourceVersion "1"]
[SourceVersionDate "2008.11.26"]
[SourceQuality "1"]

1. d4 d5 2. e3 e6 3. Bd3 Nf6 4. Nd2 Bd6 5. f4 c5 6. c3 0-0 7. Ngf3 Bd7 8. Ne5 Nc6 9. 0-0 Ne8 10. Rf3 f6 11. Nxc6 bxc6 12. Rh3 g6 13. Rg3 cxd4 14. cxd4 f5 15. Nf3 Nf6 16. Ne5 c5 17. Bd2 cxd4 18. exd4 Qb6 19. Bc3 Bxe5 20. fxe5 Ne4 21. Bxe4 dxe4 22. Qh5 Rf7 23. Qh6 Raf8 24. Rd1 Bc6 25. a3 f4 26. Rh3 f3 27. gxf3 exf3 28. Kf2 Qb3 29. Rd2 Bb5 30. Bb4 Rc8 31. Bc5 Qc4 32. Rxf3 Qf1+ 0-1

[Event "CZE-ch U16"]
[Site "Sec u Chrudimi"]
[Date "2007.10.26"]
[Round "8"]
[White "Spererova, Katerina"]
[Black "Krtous, Zdenek"]
[Result "1-0"]
[WhiteElo "1544"]
[BlackElo "1711"]
[PlyCount "111"]
[EventDate "2007.10.20"]
[EventType "swiss"]
[EventRounds "9"]
[EventCountry "CZE"]
[SourceTitle "EXT 2022"]
[Source "ChessBase"]
[SourceDate "2021.10.06"]
[SourceVersion "1"]
[SourceVersionDate "2021.10.06"]
[SourceQuality "1"]

1. e4 e5 2. Nf3 Nc6 3. d4 exd4 4. Nxd4 Nge7 5. Bc4 d6 6. 0-0 g6 7. Be3 Bg7 8. Nc3 0-0 9. f4 Re8 10. Nd5 Nxd5 11. Bxd5 Ne7 12. Bb3 d5 13. e5 c6 14. Qf3 Nf5 15. c3 Nxd4 16. cxd4 Bf5 17. Rac1 Be4 18. Qg3 Qd7 19. Bc2 Re7 20. Qf2 Rd8 21. Bxe4 dxe4 22. f5 Qxf5 23. Qxf5 gxf5 24. Bg5 Red7 25. Bxd8 Rxd8 26. Rcd1 f6 27. Rxf5 fxe5 28. Rg5 exd4 29. Rg4 e3 30. Re4 Kf7 31. Rxe3 dxe3 32. Rxd8 Ke7 33. Rd3 Bh6 34. Kf1 a5 35. a4 b5 36. axb5 cxb5 37. Rd5 b4 38. Rxa5 Bg7 39. Ra7+ Kf8 40. Rxg7 Kxg7 41. Ke2 Kf6 42. Kxe3 Ke5 43. Kd3 Kf4 44. Kc4 Ke3 45. Kxb4 Kf2 46. Kc5 Kxg2 47. b4 Kxh2 48. b5 h5 49. b6 h4 50. b7 h3 51. b8Q+ Kg2 52. Qg8+ Kh1 53. Qd5+ Kg1 54. Qd4+ Kg2 55. Qe4+ Kg1 56. Qg4+ 1-0

[Event "CZE-ch U16"]
[Site "Sec u Chrudimi"]
[Date "2007.10.20"]
[Round "1"]
[White "Steinhauser, Dominik"]
[Black "Spererova, Katerina"]
[Result "1/2-1/2"]
[WhiteElo "1954"]
[BlackElo "1544"]
[PlyCount "92"]
[EventDate "2007.10.20"]
[EventType "swiss"]
[EventRounds "9"]
[EventCountry "CZE"]
[SourceTitle "EXT 2022"]
[Source "ChessBase"]
[SourceDate "2021.10.06"]
[SourceVersion "1"]
[SourceVersionDate "2021.10.06"]
[SourceQuality "1"]

1. e4 e5 2. d4 exd4 3. c3 dxc3 4. Bc4 d6 5. Nf3 Be7 6. Qb3 Be6 7. Bxe6 fxe6 8. Qxe6 Qd7 9. Qb3 b6 10. Nxc3 Nf6 11. Bg5 Nc6 12. Rd1 Na5 13. Qc2 0-0 14. 0-0 Nc6 15. e5 Ng4 16. Nd5 Ngxe5 17. Nxe5 Nxe5 18. Nxe7+ Kh8 19. f4 Nf7 20. Nd5 c6 21. Ne3 Rae8 22. Qd3 Qe6 23. Rde1 Qxa2 24. Nc4 d5 25. Ne5 Nxe5 26. fxe5 Qxb2 27. Rxf8+ Rxf8 28. Rf1 Rxf1+ 29. Qxf1 Qd4+ 30. Kh1 h6 31. Qe1 Qe4 32. Qxe4 dxe4 33. Bd2 Kg8 34. Kg1 Kf7 35. Kf2 Ke6 36. Ke3 Kxe5 37. Bc3+ Kf5 38. Bxg7 h5 39. Kd4 a5 40. Bh6 a4 41. Bc1 b5 42. Ba3 Kf4 43. Bd6+ Kf5 44. g3 Kg4 45. Kxe4 h4 46. gxh4 Kxh4 1/2-1/2

[Event "CZE-ch U14 Girls"]
[Site "Sec u Chrudimi"]
[Date "2007.03.16"]
[Round "8"]
[White "Spererova, Katerina"]
[Black "Tomeckova, Aneta"]
[Result "0-1"]
[WhiteElo "1526"]
[BlackElo "1320"]
[PlyCount "40"]
[EventDate "2007.03.10"]
[EventType "swiss"]
[EventRounds "9"]
[EventCountry "CZE"]
[SourceTitle "EXT 2008"]
[Source "ChessBase"]
[SourceDate "2007.11.25"]
[SourceVersion "1"]
[SourceVersionDate "2007.11.25"]
[SourceQuality "1"]

1. e4 d6 2. d4 g6 3. Nf3 Nf6 4. Nc3 Bg7 5. Bc4 0-0 6. 0-0 Nc6 7. Be3 e5 8. d5 Ne7 9. Qd2 Bg4 10. Nh4 c6 11. h3 Bd7 12. Bh6 Nh5 13. Be2 Bxh6 14. Qxh6 Nxd5 15. exd5 Qxh4 16. g4 Qxh3 17. gxh5 Bg4 18. Ne4 f5 19. Ng5 Qxh5 20. Bxg4 Qxh6 0-1

[Event "CZE-ch U14 Girls"]
[Site "Sec u Chrudimi"]
[Date "2007.03.13"]
[Round "5"]
[White "Rosenbaumova, Anna"]
[Black "Spererova, Katerina"]
[Result "0-1"]
[WhiteElo "1342"]
[BlackElo "1526"]
[PlyCount "54"]
[EventDate "2007.03.10"]
[EventType "swiss"]
[EventRounds "9"]
[EventCountry "CZE"]
[SourceTitle "EXT 2008"]
[Source "ChessBase"]
[SourceDate "2007.11.25"]
[SourceVersion "1"]
[SourceVersionDate "2007.11.25"]
[SourceQuality "1"]

1. e4 e5 2. Nf3 Nf6 3. Nc3 d6 4. Bc4 Be7 5. d3 0-0 6. 0-0 Nc6 7. Be3 Be6 8. Bxe6 fxe6 9. Ng5 Qd7 10. Nb5 Nd8 11. c4 d5 12. b3 a6 13. exd5 axb5 14. dxe6 Nxe6 15. Nxe6 Qxe6 16. cxb5 Rad8 17. Rc1 Qd7 18. b6 c6 19. Rc3 Ne4 20. Rc1 Qxd3 21. f3 Qxe3+ 22. Kh1 Rxd1 23. Rcxd1 Nf2+ 24. Kg1 Nxd1+ 25. Kh1 Qe2 26. Kg1 Bc5+ 27. Kh1 Qxf1# 0-1